00341nam a2200133Ia 4500008004100000041000800041082001200049100001700061245004500078250001400123260002900137300003400166365000700200240624s9999 xx 000 0 und d aeng a657 SEH aSEHGAL ASHOK aADVANCED ACCOUNTING 2 CORPORATE ACCOUNTI a(4th ed.) c2004aNew DelhibTaxmann axviii, : 1062 : p. : cm. ; 24 cRS